Teatro en Chile, huellas y trayectoria XVI-XX
Uloženo v:
| Hlavní autor: | |
|---|---|
| Médium: | Kniha |
| Jazyk: | španělština |
| Vydáno: |
Santiago
LOM
2006
|
| Vydání: | 1a. ed |
| Edice: | Colección Ciencias Humanas
|
| Témata: | |
| Tagy: |
Přidat tag
Žádné tagy, Buďte první, kdo vytvoří štítek k tomuto záznamu!
|
MARC
| LEADER | 00000nam a2200000 a 4500 | ||
|---|---|---|---|
| 001 | UCJ2210 | ||
| 003 | CL-VaPUC | ||
| 008 | 061201e20060000CL |||||||||||||||||spa|d | ||
| 020 | |a 9562827801 | ||
| 082 | 0 | 4 | |a 792.09 |b PRA |2 21 |
| 100 | 0 | |a Pradenas Chueca, Luis |e author |9 503136 | |
| 245 | 1 | 0 | |a Teatro en Chile, huellas y trayectoria XVI-XX |
| 250 | |a 1a. ed | ||
| 300 | |a 517 p | ||
| 942 | |c BK | ||
| 945 | |d 20061201 00:00:00 |a jtorresc | ||
| 260 | |a Santiago |b LOM |c 2006 | ||
| 650 | 0 | |a Teatro chileno |9 266701 | |
| 650 | 0 | |a Historia y crítica |9 257407 | |
| 650 | 7 | |a TEATRO SIGLO 16 |2 CL-VaPUC |9 503137 | |
| 650 | 7 | |a TEATRO SIGLO 20 |2 CL-VaPUC |9 362572 | |
| 651 | 7 | |a CHILE |2 CL-VaPUC |9 503138 | |
| 583 | |a last modification |c 20061201 00:00:00 |k Rodrigo Vera | ||
| 490 | 0 | |a Colección Ciencias Humanas | |
| 999 | |c 318560 |d 318558 | ||
| 952 | |0 0 |1 0 |4 0 |6 792_090000000000000_PRA_2006 |7 0 |8 A |9 396410 |a FDOPOS |b FDOPOS |d 2019-11-22 |i 4302362 |o 792.09 PRA 2006 |p 4302362 |r 2025-01-22 |w 2019-11-22 |y BK |k MLH | ||
| 952 | |0 0 |1 0 |4 0 |6 792_090000000000000_PRA_2006 |7 0 |8 A |9 396411 |a BIBEDU |b BIBEDU |d 2019-11-22 |i 4396847 |l 3 |o 792.09 PRA 2006 |p 4396847 |r 2022-06-17 |s 2022-05-23 |w 2019-11-22 |y BK |k LIT | ||